000 00348nam a22001337a 4500
020 _qPB.
040 _cFIZZA ISHAQ
082 _a690.068
_bABD
100 _aRUMANE,RAZZAK ABDUL.
_991200
245 _aQUALITY MANAGEMENT IN CONSTRUCTION /
_cABDUL RAZZAK RUMANE.
260 _aNEW YORK ;
_bCRC PRESS,
_c2018.
300 _a537 P. ;
942 _2ddc
_cBK
999 _c589362
_d589362